000 00930nam a2200205Ia 4500
999 _c38335
_d38335
001 4345
003 GE_BSU
005 20191007152412.0
008 181216s1962||||ge |||||||||||||| ||geo||
040 _cGE_BSU
041 _ageo
080 _a39(479.22)+94(479.22) ნ-69
100 _aნიჟარაძე, ბესარიონ
_94171
245 _aისტორიულ–ეთნოგრაფიული წერილები :
_bთავისუფალი სვანი. ტ. 1 /
_cალ. რობაქიძის, რუს. ხარაძისა და ივ. სურგულაძის შესავალი წერილებით
264 _aთბ. :
_bთბილ. უნ-ტის გამ-ბა,
_c1962.
300 _a 217 გვ. ;
_b22 სმ.
653 _aისტორიოგრაფია;
653 _aეთნოგრაფია;
942 _cBK
_2udc